000 00581nam a22001937a 4500
005 20230227143424.0
008 230227b |||||||| |||| 00| 0 eng d
020 _a8178240807
_cRs.795.00
040 _aLoreto college
041 _aEnglish
082 _a323.3224
_bJAF
100 _aJaffrelot, Christophe
245 _aIndia's silent revolution
_b the rise of the lower castes in North India
_cChristophe Jaffrelot
260 _aRanikhet
_bPermanent Black
_c2003
300 _a505p.
_b22cm.
650 _aDalits--Political activity
850 _aLCLIB
_bDLIT
942 _cBK
999 _c43257
_d93736